Rapid Appraisal and Health Policy (Record no. 1798)
[ view plain ]
| 000 -LEADER | |
|---|---|
| fixed length control field | 00527nam a22001937a 4500 |
| 003 - CONTROL NUMBER IDENTIFIER | |
| control field | OSt |
| 005 - DATE AND TIME OF LATEST TRANSACTION | |
| control field | 20191007104921.0 |
| 008 - FIXED-LENGTH DATA ELEMENTS--GENERAL INFORMATION | |
| fixed length control field | 150520b xxu||||| |||| 00| 0 eng d |
| 020 ## - INTERNATIONAL STANDARD BOOK NUMBER | |
| International Standard Book Number | 0412628201 |
| 040 ## - CATALOGING SOURCE | |
| Transcribing agency | DNLM |
| 082 ## - DEWEY DECIMAL CLASSIFICATION NUMBER | |
| Classification number | W18 N721r 1996 |
| 100 ## - MAIN ENTRY--PERSONAL NAME | |
| Personal name | Nio Ong Bie |
| 9 (RLIN) | 4724 |
| 245 ## - TITLE STATEMENT | |
| Title | Rapid Appraisal and Health Policy |
| 260 ## - PUBLICATION, DISTRIBUTION, ETC. (IMPRINT) | |
| Place of publication, distribution, etc. | London: |
| Name of publisher, distributor, etc. | Chapman & Hall ; |
| Date of publication, distribution, etc. | 1996 |
| 300 ## - PHYSICAL DESCRIPTION | |
| Extent | x, 140 P : |
| Other physical details | ill ; |
| Dimensions | 26 cm |
| 504 ## - BIBLIOGRAPHY, ETC. NOTE | |
| Bibliography, etc | Includes bibliographical references and index |
| 650 ## - SUBJECT ADDED ENTRY--TOPICAL TERM | |
| Topical term or geographic name as entry element | Health Policy |
| 9 (RLIN) | 4725 |
| 942 ## - ADDED ENTRY ELEMENTS (KOHA) | |
| Source of classification or shelving scheme | Other/Generic Classification Scheme |
| Koha item type | Short Loan |
| Withdrawn status | Lost status | Source of classification or shelving scheme | Damaged status | Not for loan | Home library | Current library | Date acquired | Source of acquisition | Inventory number | Total Checkouts | Full call number | Barcode | Date last seen | Koha item type |
|---|---|---|---|---|---|---|---|---|---|---|---|---|---|---|
| Other/Generic Classification Scheme | MUST Main Library | MUST Main Library | 20/05/2015 | Purchase | 01/15512 | W18 N721r 1996 | 2015-1474 | 20/05/2015 | Short Loan | |||||
| Other/Generic Classification Scheme | MUST Main Library | MUST Main Library | 20/05/2015 | Donation | 01/15557 | W18 N721r 1996 | 2015-1475 | 20/05/2015 | Short Loan |
